000 00595nam a2200181Ia 4500
003 GCL
008 140319s9999 xx 000 0 ara d
040 _aGCL /
_cGCL
082 0 4 _a323.4
_bع ح
100 1 _aعزالدين فودة
245 1 0 _aحقوق الانسان فى التاريخ وضماناتها الدولية /
_cعزالدين فودة
300 _a84
490 _aالمكتبة الثقافية
_v0
650 0 4 _aالحقوق السياسية
650 0 4 _aحقوق الانسان
650 0 4 _aالاعلان العالمى لحقوق الانسان
942 _2ddc
_cBK
999 _c47078
_d47078